000
00258nam a2200097Ia 4500
001
1250518
005
20251031150857.0
008
251031s9999 xx 000 0 und d
245
0
_c
KUDRET EREN YAVUZ
_a
I-1 KÖKLER VE KANATLAR
260
_b
HAYY KİTAP YAYINLARI
999
_c
1250518
_d
1250518